Największe odstępstwa między zwycięstwami w skokach narciarskich - Statystyki

Ogólne statystyki
  • Ten quiz został rozwiązany 182 razy
  • Średni wynik to 8 z 11
Statystyki odpowiedzi
Lp Imię i nazwisko Kraj Pierwsze zwycięstwo Ostatnie zwycięstwo Odstęp czasowy % Poprawnych
2 Adam Małysz Polska 17 marca 1996 21 stycznia 2011 14 lat 10 m. 4 d.
98%
3 Janne Ahonen Finlandia 19 grudnia 1993 4 marca 2008 14 lat 2 m. 14 d.
93%
1 Noriaki Kasai Japonia 21 marca 1992 29 listopada 2014 22 lata 8 m. 8 d.
92%
6 Simon Ammann Szwajcaria 17 marca 2002 29 listopada 2014 12 lat 8 m. 12 d.
87%
10 Kazuyoshi Funaki Japonia 10 grudnia 1994 5 lutego 2005 10 lat 1 m. 26 d.
72%
9 Robert Kranjec Słowenia 26 listopada 2005 18 marca 2016 10 lat 3 m. 21 d.
71%
4 Jens Weißflog NRD/Niemcy 6 stycznia 1983 17 lutego 1996 13 lat 1 m. 11 d.
68%
7 Takanobu Okabe Japonia 7 grudnia 1996 10 marca 2009 12 lat 3 m. 3 d.
68%
11 Andreas Wellinger Niemcy 16 stycznia 2014 4 lutego 2024 10 lat 0 m. 19 d.
66%
8 Thomas Morgenstern Austria 11 stycznia 2003 14 grudnia 2013 10 lat 11 m. 3 d.
65%
5 Martin Höllwarth Austria 10 stycznia 1992 6 stycznia 2005 12 lat 11 m. 27 d.
9%
Nie znaleziono quizów pasujących do podanych kryteriów
Rozkład punktacji
Procent ludzi z każdym wynikiem
Percentyl według liczby udzielonych odpowiedzi
Twoja historia wyników
Nie rozwiązałeś tego quizu